Využitie ODS ocelí v silných radiačných prostrediach

Na minha lista:
Detalhes bibliográficos
Autor principal: Markuliak, Jakub (Author)
Outros Autores: Kršjak, Vladimír (Thesis advisor)
Formato: Manuscrito Livro
Idioma:eslovaco
Publicado em: Bratislava : STU v Bratislave FEI, 2023
Assuntos:
Acesso em linha:https://opac.crzp.sk/?fn=detailBiblioFormChildIIC44&sid=2D2C61E4341E53665F67123BFA9A&seo=CRZP-detail-kniha
Tags: Adicionar Tag
Sem tags, seja o primeiro a adicionar uma tag!

MARC

LEADER 00000ntm a22000003a 4500
001 stuzp88350
003 SK-STU
005 20241126112233.5
007 ta
008 150427s2015----xo-----f-mn---000-0-slo-d
040 |a STU  |b slo 
041 0 |a slo 
044 |a xo 
100 1 |a Markuliak, Jakub  |u 036000  |4 aut  |U FEI Fakulta elektrotechniky a informatiky  |T FEI Ústav jadrového a fyzikálneho inžinierstva  |X 92416  |U E060  |Y 817  |7 92416 
242 0 1 |a Application of oxide-dispersion strengthened steels in harsh radiation environments  |y eng 
245 1 0 |a Využitie ODS ocelí v silných radiačných prostrediach 
260 |a Bratislava :  |b STU v Bratislave FEI,  |c 2023 
300 |a 47 s. 
650 4 |a ODS oceľ  |2 slo 
650 4 |a radiačné poškodenie  |2 slo 
650 4 |a pozitrónová anihilačná spektroskopia  |2 slo 
650 4 |a oceľ  |2 slo 
650 4 |a radiation damage  |2 eng 
650 4 |a positron annihilation spectroscopy  |2 eng 
650 4 |a steel  |2 eng 
650 4 |a ODS steel  |2 eng 
700 1 |a Kršjak, Vladimír  |u 036000  |k Z2  |4 ths  |U FEI Fakulta elektrotechniky a informatiky  |T FEI Ústav jadrového a fyzikálneho inžinierstva  |X 1787  |U E060  |Y 817  |7 A000001787 
856 4 |u https://opac.crzp.sk/?fn=detailBiblioFormChildIIC44&sid=2D2C61E4341E53665F67123BFA9A&seo=CRZP-detail-kniha